Motivačný profil zamestnanca

Motivačná aktivita človeka. Mechanizmy motivácie a meranie výkonnej motivácie. Kladné a záporne pôsobiace motívy. Pohnútky k práci a motivačný profil zamestnanca. Dimenzie motivačného profilu zamestnanca.

Salvato in:
Dettagli Bibliografici
Autore principale: Szarková, Miroslava, 1951-
Natura: Capitolo di libro
Lingua:slovacco
Soggetti:
Tags: Aggiungi Tag
Nessun Tag, puoi essere il primo ad aggiungerne!!

MARC

LEADER 00000naa a2200000 4500
001 r032866
005 20240502071331.0
041 0 |a slo 
044 |a SK 
245 1 0 |a Motivačný profil zamestnanca  |c Miroslava Szarková 
520 |a Motivačná aktivita človeka. Mechanizmy motivácie a meranie výkonnej motivácie. Kladné a záporne pôsobiace motívy. Pohnútky k práci a motivačný profil zamestnanca. Dimenzie motivačného profilu zamestnanca. 
610 2 0 |a motivácia pracovná 
610 2 0 |a aktivita pracovná 
610 2 0 |a výkony pracovné 
610 2 0 |a zamestnanci 
610 2 0 |a osobnosť 
610 2 0 |a asertivita 
100 1 |a Szarková, Miroslava, 1951-